000 00468nab a2200145Ia 4500
003 ES-SlBCS
005 20210601141250.0
008 140529s1998 xxu||||| |||| 00| 0 spa d
041 _aspa
100 1 _aEzcurra, Ana María
_9161170
245 0 0 _aGlobalización, neoliberalismo y sociedad civil
_c Ana María Ezcurra
650 0 4 _aGlobalización-Neoliberalismo
_9216125
773 0 _tEducaçao e Filosofia
_gvol. 12, nº. 23, 1998, págs. 89-127
_wRev1534
942 _cAR
999 _c657925
_d657925